Statistics for Art Works Picture Quiz #1

Click here to take the quiz!

General Stats

  • This quiz has been taken 57,523 times
    (16,482 since last reset)
  • The average score is 7 of 15

Answer Stats

Answer % Correct
Vincent Van Gogh /
The Starry Night
96%
Leonardo da Vinci /
The Last Supper
94%
Michelangelo /
The Creation of Adam
82%
Johannes Vermeer /
Girl with a Pearl Earring
67%
Rembrandt /
The Night Watch
62%
Gustav Klimt /
The Kiss
50%
James Whistler /
Whistler's Mother
41%
Pierre-Auguste Renoir /
Dance at Bougival
35%
Edgar Degas /
Little Dancer of Fourteen Years
32%
Henri Matisse /
The Dance
32%
Eugene Delacroix /
Liberty Leading the People
27%
Henri de Toulouse-Lautrec /
At the Moulin Rouge
27%
Peter Paul Rubens /
Venus at a Mirror
26%
Diego Velazquez /
Las Meninas
24%
Hieronymus Bosch /
The Garden of Earthly Delights
23%

Score Distribution

Percentile by Number Answered

Percent of People with Each Score

Your Score History

You have not taken this quiz since the last reset